000 00445nam a2200145Ia 4500
008 100122s9999 xx 000 0 und d
082 _b22088
_a131.3
100 _aआपटे वा शि
245 _aचिंता का करता ?
260 _bमंदाकिनी भावे
_c1975
300 _a138
630 _aचिंता का करता ?
730 _aचिंता का करता ?
942 _cBOOK
999 _c410042
_d410039